Loading...

Jay Somnath /

Bibliografiske detaljer
Hovedforfatter: Kanhailal, Munshi .
Format: Printed Book
Sprog:Hindi
Udgivet: Delhi : Rajkamal Prakash , 1960.
Udgivelse:1 /
LEADER 00561cam a2200193ua 4500
020 |c 2.00 
041 |a hin 
082 |a 891.54  |b KAN/JA 
100 |a Kanhailal, Munshi . 
245 |a Jay Somnath /   |c Kanhailal Munshi.  |h Textual Documents 
250 |a 1 /   |b . 
260 |a Delhi :   |b Rajkamal Prakash ,   |c 1960. 
300 |a 308 ; . 
365 |a 2.00 
504
541 |e 1982   |h 2.00 
942 |c BK 
999 |c 36268  |d 36268 
952 |0 0  |1 0  |4 0  |6 891_540000000000000  |7 0  |9 47726  |a KAUAET  |b KAUAET  |d 2012-04-07  |m 0  |o 891.54  |p KAU_KCAET-1982   |r 2012-04-07  |w 2012-04-07  |y BK